| 000 | 00758nam a22002177a 4500 | ||
|---|---|---|---|
| 005 | 20240530110925.0 | ||
| 008 | 220221s2006 ua a g b 000 0 ara d | ||
| 020 | _a995724230 | ||
| 040 |
_aEG-CaGPL _cEG-CaGPL |
||
| 082 | 0 | 4 |
_221 _a415 / _bع م |
| 100 | 0 | _aعبدالقادر عبدالجليل | |
| 245 | 1 | 2 |
_aالمعجم الوظيفى لمقاييس الادوات النحوية والصرفية / _cعبدالقادر عبدالجليل |
| 250 | _aط.1 | ||
| 260 |
_aعمان : _bدار صفاء، _c2006 |
||
| 300 |
_a467 ص؛ _c24 سم |
||
| 650 | 0 | 7 |
_aاللغة العربية _2qrmak |
| 650 | 0 | 7 |
_aقواعد اللغة _2qrmak |
| 650 | 0 | 7 |
_aعلم الدلالة _2qrmak |
| 942 |
_2ddc _cBK |
||
| 999 |
_c66545 _d66545 |
||